000 00472nam a2200169Ia 4500
999 _c13740
_d13740
003 OSt
005 20201015110453.0
008 190216s9999||||xx |||||||||||||| ||und||
040 _coclc
082 _a821.7
_bKEA/S
100 _aKeats, John
_94930
245 0 _aSelected Poems /
_cJohn Keats
260 _bLakshmi Narain Agarwal Pub,
_c1988.
_aAgra :
300 _a450p
650 _aEnglish Poetry
942 _cBK
_2ddc
_h821.7
_iKEA/S
_k821.7
_mKEA/S